000 01582nam a2200433 c 4500
001 51983
003 ES-MaCES
005 20250526142703.0
007 cr |||||||||||
008 211022s2021 sp l 00| | spa d
017 _aNA 900-2021
_bDL
020 _a9788413904320
020 _a9788413904344 (electrónico)
040 _aES-MaCES
_bspa
_cES-MaCES
110 1 _aEspaña
_tLey de enjuiciamiento criminal, 1982
_92928
245 1 0 _aLey de enjuiciamiento criminal y otras normas procesales
_cedición preparada por Julio Muerza Esparza
250 _a267ª ed
260 _aCizur Menor (Navarra)
_bAranzadi-Thomson Reuters
_c2021
300 _a1883 P.
_c24 cm
490 1 _aColección Códigos básicos Aranzadi
_v4
500 _aPublicación en formato DÚO (papel + libro ectrónico). Disponible en formato electrónico mediante la aplicación PROVIEW
500 _aÍndices
541 _cCompra
650 4 _acriminología
_927249
650 4 _adelito
_927046
650 4 _aderecho penal
_927159
650 4 _aderecho procesal
_930896
650 4 _aEspaña
_926964
650 4 _alegislación
_927153
650 4 _ajurisprudencia
_928624
650 4 _atexto
_929624
653 1 0 _aLegislación
700 1 _aMuerza Esparza, Julio
_eed. lit.
_919287
775 0 _tLey de enjuiciamiento criminal y otras normas procesales
_w(ES-MaCES)51551
830 0 _aColección Códigos básicos Aranzadi
_v4
_932116
856 4 _uhttps://legalteca.aranzadilaley.es/my-library?sponsor=82111144-IP
_yLegalteca
902 _aLIB Libro
942 _2CES
_cBK
_h6.1.
999 _c51983
_d51983